000
00272nam a22001337a 4500
008
170525b xxu||||| |||| 00| 0 eng d
020
_a
3486236814
041
_a
eng
080
_a
62
100
_a
26
101
_a
IM
245
_a
PASCAL
_c
HERSCHEL, R
942
_2
udc
_c
BK
999
_c
14214
_d
14214